000 01205cam a22003377a 4500
003 CHAP
005 20220329142704.0
008 021028d2002 mx ad r 00110 spa d
010 _a86534
011 _a87506
020 _a9701340361
035 _a98050
040 _cCHAP
082 0 4 _a631.47
_bR49
100 0 0 _aReyes Ibarra, Mario Alberto.
_996872
245 1 0 _aTratamiento de errores en levantamientos topográficos
_c/por Mario Alberto Reyes Ibarra y Antonio Hernández Navarro
260 _aAguascalientes, Ags. :
_bInstituto Nacional de Estadística, Geografía e Informática,
_c2002
300 _a280 p. :
_bilus. ; gráfs. ; tablas
590 _aBATCH-UPD
_b10
_c20130110
_lUCH01
_h1208
590 _aBATCH-UPD
_b10
_c20130410
_lUCH01
_h0748
590 _aBATCH-UPD
_b10
_c20130914
_lUCH01
_h1536
590 _aCONVERSION
_b10
_c20130109
_lUCH01
_h1348
650 1 4 _aGeodesia
_xEstudio y enseñanza.
_947529
650 1 4 _aLevantamiento topográfico.
_966426
650 1 4 _aTopografía.
_9113907
700 0 _aHernández Navarro, Antonio.
_954400
901 _aBK
905 _aMarco A. Mendoza T.
942 _cLIBRO
949 _a631.47 R49
_bBC
_cINEGI
_d33724000880225
_eINEGI
_h103196
_i98050
_sb
999 _c86534
_d86534